000 00741cab a2200229 4500
001 WB3147-47
008 090401t1995 xxu||||| |||| 00| 0 eng d
035 _a(Sirsi) u51579
041 _aeng
245 _aRICSIS v RICS
260 _c1995
350 _a0
490 _aProperty Week
_v53(8) 23 November 1995, 5; 53(9) 30 November 1995,
520 _aCoverage of the High Court hearing between RICSIS and RICS on a RICSIS claim for damages after it was dismissed in 1993 as pii broker to the institution.
650 _aPROFESSIONAL INDEMNITY INSURANCE
650 _aRICS
650 _aRICSIS
690 _aINSURANCE
_96249
690 _aMANAGEMENT-BUSINESS MANAGEMENT-PROFESSIONAL PRACTICE
942 _n0
948 _c04/03/1997
999 _c32019
_d32019